| 000 | 01877cad a22002775a 4500 | ||
|---|---|---|---|
| 001 | L144335 | ||
| 008 | 110419s20080710xxkad f s f000 0 eng d | ||
| 035 | _a(Sirsi) u144335 | ||
| 041 | 0 | _aeng | |
| 110 | 2 |
_aUnited Kingdom _bDepartment for Communities and Local Government _94939 |
|
| 245 | 0 | 0 |
_aProposed changes to Planning Policy Statement 6 _bplanning for town centres - consultation _h[electronic resource] |
| 260 |
_aLondon _bDCLG _c2008 |
||
| 505 | 2 | _aMinisterial foreword -- Introduction -- Proposed changes to chapters 1 and 2 of PPS6 -- Proposed replacement chapter 3 of PPS6 -- Proposed changes to chapter 4 of PPS6 -- Partial impact assessment -- Consultation questions -- The consultation criteria -- Approach to proposed practice guideline | |
| 520 | _aConsultation on revisions to Planning Policy Statement 6 (PPS6) follows the commitment in the Planning White Paper Planning for a Sustainable Future to look at the current approach in PPS6 of assessing the impact of proposals outside town centres in a way which maintains a strong focus on the town centre first policy and which promotes competition and improves consumer choice. | ||
| 521 | _aAdvanced | ||
| 590 | _aKA NTK | ||
| 650 | 2 | 4 | _aPLANNING POLICY STATEMENT 6 (PLANNING FOR TOWN CENTRES) |
| 650 | 2 | 4 | _aBARKER REVIEW OF LAND USE PLANNING |
| 650 | 2 | 4 | _aPLANNING WHITE PAPER 2007 (PLANNING FOR A SUSTAINABLE FUTURE) |
| 650 | 2 | 4 | _aPLANNING POLICY STATEMENT 1 (DELIVERING SUSTAINABLE DEVELOPMENT) |
| 650 | 2 | 4 | _aPLANNING POLICY STATEMENT 3 |
| 651 | 4 |
_aEngland and Wales _y1543- |
|
| 690 | _aENVIRONMENTAL AND LAND CONSULTANCY-PLANNING AND DEVELOPMENT-PLANNING REFORM | ||
| 856 | 4 | 0 |
_uhttps://tna.europarchive.org/20110202162303/http://www.communities.gov.uk/archived/publications/planningandbuilding/pp6consultation _zView the document free of charge at http://tna.europarchive.org |
| 942 | _n0 | ||
| 999 |
_c108462 _d108462 |
||